[Event "Pontevedra U1600 op 1st"]
[Site "Pontevedra"]
[Date "2017.07.01"]
[Round "2.1"]
[White "Carpintero Munoz, Adrian"]
[Black "Garcia Ramil, Manuel"]
[Result "0-1"]
[WhiteElo "1228"]
[BlackElo "1492"]
[PlyCount "86"]
[EventDate "2017.07.01"]
[EventType "swiss"]
[EventRounds "6"]
[EventCountry "ESP"]
[SourceTitle "EXT 2024"]
[Source "ChessBase"]
[SourceDate "2023.10.10"]
[SourceVersion "1"]
[SourceVersionDate "2023.10.10"]
[SourceQuality "1"]

1. e4 Nf6 2. Nc3 d5 3. e5 Nfd7 4. d4 Nb6 5. Nf3 Bg4 6. Be2 e6 7. h3 Bh5 8. 0-0 Be7 9. Bf4 0-0 10. Qd2 Nc6 11. Rad1 Bxf3 12. Bxf3 Nc4 13. Qc1 Bb4 14. Rd3 Bxc3 15. bxc3 Qd7 16. Bh5 Ne7 17. Rg3 Nf5 18. Rg4 Kh8 19. Bg5 Rg8 20. Qf4 Raf8 21. Rb1 b6 22. Rd1 Qa4 23. Qf3 Qxc2 24. Rf4 f6 25. exf6 gxf6 26. Bh4 Nxh4 27. Rxh4 Rg5 28. Be8 Rf5 29. Qd3 Qxf2+ 30. Kh1 Qxh4 31. Bb5 Nd6 32. Ba4 Rg8 33. Rg1 Ne4 34. Kh2 Qf4+ 35. g3 Qd2+ 36. Qxd2 Nxd2 37. Bd1 Rf2+ 38. Rg2 Rxg2+ 39. Kxg2 Ne4 40. Bg4 e5 41. dxe5 fxe5 42. Kf3 Rf8+ 43. Ke3 Nxc3 0-1